Hottest Female Cartoon Characters - Statistics

General Stats
  • This quiz has been taken 559 times
  • The average score is 6 of 10
Answer Stats
Hint Answer % Correct
The Little Mermaid Ariel
89%
Aladdin Jasmine
87%
Who Framed Roger Rabbit? Jessica Rabbit
75%
Batman: The Animated Series Catwoman
73%
DC Animated Universe Wonder Woman
62%
Batman: The Animated Series Harley Quinn
54%
Batman: The Animated Series Poison Ivy
53%
The Hunchback of Notre Dame Esmeralda
45%
Animaniacs Hello Nurse
20%
Cool World Holli Would
7%
No matching quizzes found
Score Distribution
Percent of People with Each Score
Percentile by Number Answered
Your Score History
You have not taken this quiz